000 01516cam a2200385 a 4500
001 16560534
003 OSt
005 20230904134656.0
008 101202s2011 nyu b 001 0 eng
010 _a 2010048519
020 _a9780415591638 (hb)
020 _a0415591635 (hb)
020 _a9780203816806 (eb)
020 _a0203816803 (eb)
035 _a(OCoLC)ocn613424282
040 _aDLC
_cDLC
_dBTCTA
_dYDXCP
_dNDD
_dBWX
_dDLC
050 0 0 _aHF1379
_b.V356 2011
082 0 0 _a382
_bHEL/V
245 0 0 _aValue chains, social inclusion, and economic development :
_bcontrasting theories and realities /
_cedited by A.H.J. (Bert) Helmsing and Sietze Vellema.
260 _aNew York :
_bRoutledge,
_c2011.
300 _axviii, 290 p. :
_bill. ;
_c24 cm.
490 0 _aRoutledge studies in development economics ;
_v88
504 _aIncludes bibliographical references and index.
650 0 _aInternational trade.
650 0 _aEconomic development.
650 0 _aInternational economic relations.
650 0 _aInternational trade
_xSocial aspects.
650 0 _aEconomic development
_xSocial aspects.
650 0 _aInternational economic relations
_xSocial aspects.
700 1 _aHelmsing, A. H. J.,
_d1951-
_99418
700 1 _aVellema, Sietze,
_d1964-
_99419
906 _a7
_bcbc
_corignew
_d1
_eecip
_f20
_gy-gencatlg
942 _2ddc
_cBK
_h382
_iHEL/V
_k382
_mHEL/V
999 _c42104
_d42104